000 00692nam a2200193 i 4500
001 81244
003 ES-MaACL
005 20240312215325.0
007 t|
008 041103s1904 sp ||||1| spa d
245 0 0 _aHomenaje a D. Francisco Codera en su jubilación del profesorado
_b: estudios de erudición oriental /
_ccon una introducción de D. Eduardo Saavedra.
260 _aZaragoza :
_bMariano Escar,
_c1904.
300 _aXXXVIII, 656 p., 1 lám. ;
_c27 cm.
500 _aCon retr. de D. Francisco Codera.
600 0 4 _aCodera y Zaidín, Francisco.
_939416
700 1 _aSaavedra, Eduardo,
_d1829-1912
_9101132
852 _aES-MaACL
_jB-3868
999 _c81244
_d81244